Quizz spécial "buteur" - Statistiques

Statistiques générales
  • Ce quiz a été pris 92 fois
  • Le résultat moyen est 44 sur 66
Statistiques - réponses
Question Tuile Select % Correct
Lors de la finale de Ligue des Champions 2004/2005, quel joueur du Milan AC a loupé son tir au but, synonyme de défaite pour son club ? Non
94%
Qui est/était surnommé "Der Bomber" ? Non
93%
Lors de la finale de Ligue des Champions 2004/2005, quel joueur du Milan AC a loupé son tir au but, synonyme de défaite pour son club ? Non
88%
Lors de la finale de Ligue des Champions 2011/2012, malgré leur victoire, quel est le seul joueur de Chelsea à avoir manqué son tir au but ? Non
87%
Lors de la saison 2020/2021, qui était le meilleur buteur lillois ? Non
87%
Lors de la finale de la CDM 2002, qui inscrit un doublé ? Non
87%
Lors de la finale de Ligue des Champions 2004/2005, quel joueur du Milan AC a loupé son tir au but, synonyme de défaite pour son club ? Non
86%
Lors de la finale de Ligue des Champions 2004/2005, quel joueur du Milan AC a loupé son tir au but, synonyme de défaite pour son club ? Non
82%
Lors de la finale de Ligue des Champions 2004/2005, quel joueur du Milan AC a loupé son tir au but, synonyme de défaite pour son club ? Non
82%
Lors de la finale de Ligue des Champions 2011/2012, malgré leur victoire, quel est le seul joueur de Chelsea à avoir manqué son tir au but ? Non
82%
Quel est le 4e meilleur buteur de l'EDF ? (top 3 Giroud Henry Griezmann) Non
82%
Contre qui Messi a inscrit son dernier but en match officiel avec le FC Barcelone ? Non
82%
Contre qui Cristiano Ronaldo a inscrit son dernier but en match officiel avec le Real ? Non
82%
Quel est l'unique buteur de la finale de l'euro 2008 ? Non
82%
Qui est/était surnommé "Der Bomber" ? Non
81%
Qui est/était surnommée "il capitano" ? Non
81%
Parmi le trio offensif Barcelonais aligné lors de la finale de LDC 2008/2009, un seul n'a pas marqué, qui est-ce ? Non
80%
Quel est l'unique buteur de la finale de la Copa America 2021 ? Non
80%
Qui est/était surnommé "Der Bomber" ? Oui
77%
Qui était surnommé "Le Napoléon du football" ? Non
77%
Lors de la finale de la CDM 2002, qui inscrit un doublé ? Non
77%
Lors de la finale de la CDM 2002, qui inscrit un doublé ? Oui
77%
Quel est l'unique buteur de la finale de la Copa America 2021 ? Non
75%
Quel est le meilleur buteur de la sélection espagnole ? Non
75%
Contre qui Messi a inscrit son dernier but en match officiel avec le FC Barcelone ? Non
73%
Lors de la saison 2020/2021, qui était le meilleur buteur lillois ? Non
73%
Lors de la finale de Ligue des Champions 2011/2012, malgré leur victoire, quel est le seul joueur de Chelsea à avoir manqué son tir au but ? Non
72%
Contre qui Messi a inscrit son dernier but en match officiel avec le FC Barcelone ? Non
72%
Contre qui Cristiano Ronaldo a inscrit son dernier but en match officiel avec le Real ? Non
72%
Qui est/était surnommée "il capitano" ? Non
72%
Durant cette saison 2022/2023, quel est le plus jeune buteur de ligue 1 ? Non
71%
Contre qui Messi a inscrit son dernier but en match officiel avec le FC Barcelone ? Non
70%
Contre qui Cristiano Ronaldo a inscrit son dernier but en match officiel avec le Real ? Non
70%
Contre qui Cristiano Ronaldo a inscrit son dernier but en match officiel avec le Real ? Non
70%
Lors de la saison 2020/2021, qui était le meilleur buteur lillois ? Oui
70%
Quel est l'unique buteur de la finale de la Copa America 2021 ? Oui
70%
Qui est/était surnommée "il capitano" ? Oui
70%
Lors de la finale de Ligue des Champions 2011/2012, malgré leur victoire, quel est le seul joueur de Chelsea à avoir manqué son tir au but ? Non
69%
Lors de la finale de Ligue des Champions 2011/2012, malgré leur victoire, quel est le seul joueur de Chelsea à avoir manqué son tir au but ? Non
69%
Contre qui Messi a inscrit son dernier but en match officiel avec le FC Barcelone ? Non
69%
Contre qui Cristiano Ronaldo a inscrit son dernier but en match officiel avec le Real ? Non
69%
Lors de la finale de FA cup 2020/2021, opposant Chelsea à Leicester, quel joueur a inscrit l'unique but du match ? Non
69%
Qui était surnommé "Le Hollandais volant" ? Non
67%
Parmi le trio offensif Barcelonais aligné lors de la finale de LDC 2008/2009, un seul n'a pas marqué, qui est-ce ? Non
66%
Quel est l'unique buteur de la finale de l'euro 2008 ? Non
64%
Quel est le meilleur buteur de l'histoire de la sélection italienne ? Non
64%
Lors de la finale de FA cup 2020/2021, opposant Chelsea à Leicester, quel joueur a inscrit l'unique but du match ? Non
63%
Qui était surnommé "Le Hollandais volant" ? Non
61%
Parmi le trio offensif Barcelonais aligné lors de la finale de LDC 2008/2009, un seul n'a pas marqué, qui est-ce ? Oui
61%
Quel est le meilleur buteur de la sélection espagnole ? Non
59%
Quel est l'unique buteur de la finale de l'euro 2008 ? Oui
58%
Durant cette saison 2022/2023, quel est le plus jeune buteur de ligue 1 ? Non
54%
Quel est le 4e meilleur buteur de l'EDF ? (top 3 Giroud Henry Griezmann) Non
53%
Lors de la finale de Ligue des Champions 2004/2005, quel joueur du Milan AC a loupé son tir au but, synonyme de défaite pour son club ? Oui
49%
Quel est le 4e meilleur buteur de l'EDF ? (top 3 Giroud Henry Griezmann) Oui
46%
Lors de la finale de FA cup 2020/2021, opposant Chelsea à Leicester, quel joueur a inscrit l'unique but du match ? Oui
46%
Quel est le meilleur buteur de la sélection espagnole ? Oui
46%
Qui était surnommé "Le Hollandais volant" ? Oui
42%
Durant cette saison 2022/2023, quel est le plus jeune buteur de ligue 1 ? Oui
42%
Quel est le meilleur buteur de l'histoire de la sélection italienne ? Non
41%
Qui était surnommé "Le Napoléon du football" ? Non
34%
Contre qui Cristiano Ronaldo a inscrit son dernier but en match officiel avec le Real ? Oui
25%
Qui était surnommé "Le Napoléon du football" ? Oui
23%
Quel est le meilleur buteur de l'histoire de la sélection italienne ? Oui
20%
Lors de la finale de Ligue des Champions 2011/2012, malgré leur victoire, quel est le seul joueur de Chelsea à avoir manqué son tir au but ? Oui
16%
Contre qui Messi a inscrit son dernier but en match officiel avec le FC Barcelone ? Oui
16%
Aucun quiz correspondant
Distribution des résultats
% des personnes avec chaque résultat
Percentile par nombre de réponses
Votre historique - résultats
Vous n’avez pas pris ce quiz